Порядок дня 4-й сессии ЦИК СССР 7-го созыва

Доступно только в Электронных читальных залах Найти на картеНа карте
RUSMARC
00004415nac2a22003013x 450
001946d024a-1941-4022-ae77-a4c6420f21df
00520210719231317.0
100##$a20210612l1937 k y0rusy50 ca
1010#$arus
$amul
102##$aRU
105##$ay z |||||
1220#$ad19371231
2001#$aПорядок дня 4-й сессии ЦИК СССР 7-го созыва
$j1937
215##$a38 листов
251##$cДело
300##$aЗаголовок дела на папке: Порядок дня 4 сессии ЦИК СССР 7 созыва
300##$aЧасть текста на языках народов СССР
300##$aЛисты: 1-16, 24-38 - брошюра-регламент, не подшиты
300##$aЧасть текста машинописная, часть - напечатана типографским способом
330##$aВходит в раздел описи: VII-й Съезд Советов. 4-я Сессия ЦИК СССР
461#0$1001796d4672-8a00-4986-b488-6e42273792cc
$12001
$aЦЕНТРАЛЬНЫЙ ИСПОЛНИТЕЛЬНЫЙ КОМИТЕТ СССР (ЦИК СССР)
$1251
$cФонд
$1852
$j3316
$gР
462#0$10012246e4af-064a-4b66-b386-cae0ddb7fb2d
$12001
$aДела 7-го Съезда Советов и 1-й, 2-й, 3-й, 4-й Сессий 7-го созыва. 1935-1937 гг.
$vД. 223
$1251
$cОпись
$1852
$j7
5171#$aПорядок дня 4 сессии ЦИК СССР 7 созыва
60101$3RU\NLR\AUTH\880357276
$aСССР
$bЦИК
60102$3RU\NLR\AUTH\880399378
$aСССР
$bЦИК
$bСозыв
$c7
$bСессия
$d4
801#0$aRU
$bGA_RF
801#1$aRU
$bГлавНИВЦ
$c20210612
$2rusmarc
801#2$aRU
$bПБ им. Б.Н. Ельцина
$c20210719
$gRCR
$2rusmarc
852##$aГА РФ
$j223
937##$d166432459
$hГАРФ
035##$aRuPRLIB51060675
856##$uhttp://readingroom.main.prlib.ru/item.aspx?id_node=n166432459&mode=full
Формат отображения